Ustensiles de cuisine en italien - Statistiques

Statistiques générales
  • Ce quiz a été pris 33 fois
  • Le résultat moyen est 4 sur 15
Statistiques - réponses
Hint Réponse % Correct
Fourchette Forchetta
92%
Verre Bicchiere
83%
Assiette Piatto
75%
Couteau Coltello
50%
Cuillère Cucchiaio
42%
Casserole Pentola
33%
Poêle Padella
25%
Spatule Spatola
25%
Passoire Colapasta
8%
Louche Mestolo
8%
Décapsuleur Apribottiglie
0%
Tire-bouchon Cavatappi
0%
Bol Ciotola
0%
Fouet Frusta
0%
Planche à découper Tagliere
0%
Aucun quiz correspondant
Distribution des résultats
% des personnes avec chaque résultat
Percentile par nombre de réponses
Votre historique - résultats
Vous n’avez pas pris ce quiz